000 00691nam a22002777a 4500
001 BR9505395
003 BR-BrBNA
005 20230928094538.0
007 ta
008 230509b bl.||||| |||| 00| 0 por d
040 _aBR-BrBNA
_bpor
_cBiblioteca Nacional de Agricultura
041 _a(Por)
072 _aL01
_b7100
090 _ 7100 BR9505395
100 1 _aFeeburg, J.B.
100 1 _aLarks, B.B.
100 1 _aBello, M.I.R.
245 1 _aCurso de apicultura para iniciantes
260 3 _aPorto Alegre, RS (Brasil):
_c1984.
300 _a102 p.
500 _a27 illus.
650 _aAbelha
650 _aApicultura
909 _a202309
_bLucia
_c55
_dLucia Elande
942 _cBK
999 _c51253
_d51253